000 01085nam a22002892i 4500
001 22609
003 BD-RjUL
005 20211209000828.0
008 140308t1932 en 000 0 eng d
035 _a(BD-RjUL)22674
035 _aOCLC ocm03027008 from D960213M
040 _aSVP
_cSVP
_dEQO
_dBD-RJUL
_beng
041 _aeng
082 0 4 _a833
_bLAU 1932
100 1 _aLa Motte-Fouqué, Friedrich Heinrich Karl,
_d1777-1843.
_969803
245 1 0 _aUndine and other stories /
_cfrom the German of La Motte Fouqué ; with an introduction by Sir Edmund Gosse
260 _aOxford :
_bOxford University Press,
_c1932.
300 _axvii, 348 p. ;
_c16 cm
490 1 _aWorld's classics ;
_v408
505 0 _aUndine.--Sintram and his companions.--Aslauga's knight.--The two captains
650 1 _a Fairy tales.
_969804
830 0 _v408
_969817
700 1 _aGosse, Edmund,
_d1849-1928.
_923838
830 0 _aWorld's classics ;
_969818
856 4 1 _3Bodleian Library Fic. 27841 f.315
_uhttp://purl.ox.ac.uk/uuid/14212fdb0f044954bda38d9c64ea05dd
942 _2ddc
_cBK
999 _c22609
_d22609